Desarrollo de los municipios en la sociedad de la información : Canet de Mar, 19-23 de julio de 1999 : el marco jurídico: el nuevo derecho de las tecnologías de la información / J.L. Martínez-Alonso Camps Canet de Mar, 19-23 de julio de 1999 :
Descripción Física:
35 fulls. ; 30 cm
MARC
| LEADER | 00000nam a2200000Ia 4500 | ||
|---|---|---|---|
| 001 | 16824 | ||
| 008 | 160829s1999 xx 000 0 cat d | ||
| 080 | |a FU-46-4 | ||
| 100 | 1 | |a Martínez-Alonso Camps, José Luis |9 15854 | |
| 245 | |a Desarrollo de los municipios en la sociedad de la información : |b Canet de Mar, 19-23 de julio de 1999 : |b el marco jurídico: |b el nuevo derecho de las tecnologías de la información / J.L. Martínez-Alonso Camps | ||
| 260 | |a Canet de Mar : |b [s.n.], |c 1999 | ||
| 300 | |a 35 fulls. ; |c 30 cm | ||
| 590 | |a Bibliografia. | ||
| 590 | |a Annex normatiu | ||
| 650 | 0 | |a Societat de la informació |x Dret i legislació |x Catalunya |9 30688 | |
| 650 | 0 | |a Tecnologia de la informació |x Dret i legislació |z Catalunya |9 30689 | |
| 901 | |a Arxiu | ||
| 942 | |n 1 | ||
| 952 | |0 0 |1 0 |4 0 |6 FU464 |7 1 |9 45486 |a Arxiu |b Arxiu |d 2016-12-01 |l 0 |o FU-46-4 |p 16824 |r 2016-12-01 00:00:00 |w 2016-12-01 |y ARXIU | ||
| 999 | |c 48651 |d 48651 | ||